000
00348nam a2200145Ia 4500
008
240624s9999 xx 000 0 und d
041
_a
eng
082
_a
658.5 SLA
100
_a
SLACK NIGEL
245
_a
OPERATIONS MANAGEMENT
250
_a
(8th ed.)
260
_c
2016
_a
New Delhi
_b
Pearson
300
_a
xxv, 728 p.; 23 cm.
365
_c
BPS
_b
28
999
_c
29731
_d
29731